000 01009nam a22003137b 4500
001 27856
003 DO-SdBPM
005 20250613133202.0
007 27856
008 991018s1999 sp | ||| ||spa
017 _a
_b
020 _a8489854777
040 _aDO-SdBPM
_bspa
_cBPMSU
041 1 _aspa
082 4 _a823.8
_bB661m 1999
_222
100 1 _aBlyton, Enid
_d1897-1968
240 1 0 _aBest stories for seven-year-olds
_lEspañol
245 1 4 _aLos mejores cuentos para 7 años /
_cEnid Blyton ; ilustraciones de Diana Catchpole ; traducción de Victoria Simó
246 1 3 _aLos mejores cuentos para siete años
260 _aBarcelona :
_bEdiciones del Bronce
_c1999
300 _a126 p. ;
_c20 cm
490 0 _aEdiciones del bronce,
_v7
590 _aInventariado, 2025/VM
650 4 _aCuentos infantiles ingleses
700 1 _aCatchpole, Diana
_eilustraciones
700 1 _aSimó, Victoria
_etraductora
_4
910 _aVMateo V. Control de calidad. BPMSU
942 _2ddc
_cBK
999 _c9415
_d9415